Učme sa nemecky! cvičebnica nemeckej konverzácie pre III. triedu slovenských meštianskych škôl Stupeň III.

Bibliographic Details
Main Author: Tašner, Alois, 1875-1959 (Author)
Format: Book
Language:Slovak
German
PhysicalDescription:184 strán fotografie, ilustrácie, noty, schémy, tabuľky 23 cm
Published: V Žiline O. Trávníček 1930
Subjects:

MARC

LEADER 00000cam a2200000 a 4500
001 vtls008401987
003 SK-MaSNL
005 20260302074756.0
008 241204s1930 xo ogalbrp 000 0 slo
015 |a SNBA19191938-013028 
020 |q (brožované) 
035 |a SK01SNKBSKHR20020094204 
035 |a SKM000096667 
040 |a SNK  |b slo  |c SNK  |e AACR2 
041 0 |a slo  |a ger 
044 |a xo  |c SK 
072 7 |a 811.112.2  |x Nemčina  |2 konspekt 
072 7 |a 81  |x Lingvistika. Jazyky  |2 konspekt 
072 7 |a 37.016  |x Učebné osnovy. Vyučovacie predmety. Učebnice  |2 konspekt 
080 |a 811.112.2  |2 2011 
080 |a 81'36  |2 2011 
080 |a 81'24  |2 2011 
080 |a (075.2)  |2 2011 
100 1 |a Tašner, Alois,  |d 1875-1959  |4 aut  |9 242917 
245 1 0 |a Učme sa nemecky!  |n Stupeň III.  |b cvičebnica nemeckej konverzácie pre III. triedu slovenských meštianskych škôl  |c napísal Alojz Tašner 
260 |a V Žiline  |b O. Trávníček  |c 1930 
300 |a 184 strán  |b fotografie, ilustrácie, noty, schémy, tabuľky  |c 23 cm 
500 |a Slovník na strane 153-182 
546 |a Súbežný text v nemčine 
650 0 7 |a nemčina  |2 SNKPH  |9 1384 
650 0 7 |a konverzácia  |2 SNKPH  |9 49849 
650 0 7 |a gramatika  |2 SNKPH  |9 865 
655 7 |a učebnice základných škôl  |2 SNKPH  |9 70187 
655 7 |a cvičebnice  |2 SNKPH  |9 60803 
752 |a Slovensko  |d Žilina 
852 |a Slovenská národná knižnica 
954 |a odborná, vedecká literatúra cudzojazyčná (svetová)  |2 lita 
958 |a RK 
958 |a TL 
958 |a DB 
958 |a DE 
958 |a OND 
958 |a UC 
958 |a EUIPO 
999 |c 1166443  |d 1168373 
952 |a SNK  |b SNK  |y PREZ  |7 0  |p 17A0714120  |o snkSC 1120/3  |i snk502/31  |0 0  |1 0  |4 0  |d 2024-04-18  |f 1  |l 0  |r 2025-06-04 00:00:00  |w 2026-02-24 
952 |a SNK  |b SNK  |y VYP  |7 0  |p 17A1552654  |o snkSC 1120/3 D1  |i snkK 3466/69  |8 3  |0 0  |1 0  |4 0  |d 2024-09-24  |l 0  |r 2026-02-24 20:50:24  |w 2026-02-24